Dirección de personas (Registro nro. 27190)

Detalles MARC
000 -CABECERA
Longitud fija campo de control 00660nam a2200205 a 4500
003 - IDENTIFICADOR DELl NÚMERO DE CONTROL
Identificador del número de control OSt
005 - FECHA Y HORA DE LA ÚLTIMA TRANSACCIÓN
Fecha y hora de la última transacción 20170301114134.0
008 - CÓDIGOS DE INFORMACIÓN DE LONGITUD FIJA
Códigos de información de longitud fija 020226s1999 esp 000 0 spa d
020 ## - NÚMERO INTERNACIONAL NORMALIZADO PARA LIBROS
Número Internacional Normalizado para Libros (ISBN) 978-84-7978-895-7
040 ## - FUENTE DE LA CATALOGACIÓN
Centro transcriptor BMC
082 ## - NÚMERO DE LA CLASIFICACIÓN DECIMAL DEWEY
Númeroo de clasificación 658.3
100 1# - PUNTO DE ACCESO PRINCIPAL-NOMBRE DE PERSONA
Nombre de persona Baguer Alcalá, Ángel
9 (RLIN) 18083
245 10 - MENCIÓN DE TÍTULO
Título Dirección de personas
Resto del título : un timón en la tormenta
Mención de responsabilidad, etc. Ángel Baguer Alcalá
250 ## - MENCIÓN DE EDICIÓN
Mención de edición 2ª ed
260 ## - PUBLICACIÓN, DISTRIBUCIÓN, ETC. (PIE DE IMPRENTA)
Lugar de publicación, distribución, etc. Madrid
Nombre del editor, distribuidor, etc. Diaz de Santos
Fecha de publicación, distribución, etc. cop. 2009
300 ## - DESCRIPCIÓN FÍSICA
Extensión XV, 365 p.
Dimensiones 24 cm
500 ## - NOTA GENERAL
Nota general En la port. Cómo implantar con sencillez,de forma práctica, la Dirección de personas en la empresa.
650 24 - PUNTO DE ACCESO ADICIONAL DE MATERIA - TÉRMINO DE MATERIA
Término de materia o nombre geográfico como elemento inicial Dirección de personal
9 (RLIN) 6298
942 ## - ENTRADA DE ELEMENTOS AGREGADOS (KOHA)
Fuente de clasificaión o esquema Dewey Decimal Classification
Koha [por defecto] tipo de item 1- Monografias
Existencias
Suprimido Perdido Fuente de clasificación o esquema Estropeado Restricciones de uso No para préstamo Código de colección Localización permanente Localización actual Localización en estanter&íacute;as Fecha adquisición Fuente de adquisición Número de inventario Préstamos totales Signatura completa Código de barras Fecha última consulta Coste, precio reemplazado Fecha del precio de reemplazo Tipo de item de Koha Fecha último préstamo Renovaciones totales
NULL NULL Dewey Decimal Classification NULL Prestable NULL NULL Biblioteca Miguel de Cervantes - UNICAES Biblioteca Miguel de Cervantes - UNICAES Sala Principal 14/02/2017 Donación - Facultad de Ciencias y Humanidades 033191   658.3 BAG dir 1040885 24/02/2017 60.00 24/02/2017 1- Monografias    
NULL NULL Dewey Decimal Classification NULL Prestable NULL NULL Biblioteca Miguel de Cervantes - UNICAES Biblioteca Miguel de Cervantes - UNICAES Sala Principal 16/02/2017 Donación - Facultad de Ciencias y Humanidades 033192 4 658.3 BAG dir 1040886 25/11/2019 60.00 24/02/2017 1- Monografias 09/11/2019  
NULL NULL Dewey Decimal Classification NULL Prestable NULL NULL Biblioteca Miguel de Cervantes - UNICAES Biblioteca Miguel de Cervantes - UNICAES Sala Principal 16/02/2017 Donación - Facultad de Ciencias y Humanidades 033193 1 658.3 BAG dir 1040887 16/05/2019 60.00 24/02/2017 1- Monografias 21/04/2017 1